| 000 | 00518nam a22001577a 4500 | ||
|---|---|---|---|
| 005 | 20120120121052.0 | ||
| 020 |
_a9788124317419 _c70.00 |
||
| 082 | _aS | ||
| 245 | _aHansal and gretal | ||
| 260 |
_aMumbai: _bNavneet Publications _cc2007. |
||
| 270 |
_aBhavani Shankar Road, Dadar, _bMumbai _e400028 _k66626555 |
||
| 300 |
_a32 p. _bill (col) _c26cm (Pbk) |
||
| 490 |
_aClassic fairy tales _939905 |
||
| 942 |
_2ddc _cCH _hS _mHAN |
||
| 999 |
_c61305 _d61305 |
||